Documentos básicos

Shranjeno v:
Bibliografske podrobnosti
Korporativna značnica: Universidad para la Paz
Format: Neznan
Izdano: San José: Imprenta Nacional
Teme:
Oznake: Označite
Brez oznak, prvi označite!

MARC

LEADER 00000 a2200000 04500
001 15308
003
008 991231s d
040 |a CRAI/IIS  |c CRAI/IIS 
020 |a [sin ISBN]  
022 |a [sin ISBN]  
090 |a 18406  
110 |a Universidad para la Paz  
245 |a Documentos básicos  
260 |a San José:   |b Imprenta Nacional  
300 |a 264 p.  
650 |a RECURSOS NATURALES  
650 |a CALIDAD DE LA VIDA  
650 |2 Macrothesaurus de la OCDE  
999 |c 4999  |d 4999